| 000 | 01181nam0a22002651 4500 | ||
|---|---|---|---|
| 001 | rc\4106440 | ||
| 005 | 20130415165540.2 | ||
| 021 |
_aRU _b[47-12884] |
||
| 035 | _a(NLR Aleph) 008142484 | ||
| 090 |
_a9493286 _c9493286 |
||
| 100 | _a20130415d1947 |||y0rusy50 ca | ||
| 101 | 0 | _arus | |
| 102 | _aRU | ||
| 105 | _ay z ||||| | ||
| 200 | 1 |
_aКак проводить добавочное искусственное опыление сельскохозяйственных культур _fВсесоюз. акад. с.-х. наук им. В.И. Ленина. Всесоюз. ордена Труд. красного знамени селекц.-генет. ин-т |
|
| 210 |
_a[Болград] _cБолг. тип. _d1947 |
||
| 215 |
_a29 с. _d20 |
||
| 300 | _aПеред загл. авт.: А.С. Мусийко, канд. с.-х. наук | ||
| 606 |
_aСельскохозяйственные культуры _xОпыление искусственное _2psbo |
||
| 700 | 1 |
_aМусийко _bА. С. _f1903-1980 _gАлександр Самсонович |
|
| 801 | 0 |
_aRU _bNLR _gpsbo |
|
| 801 | 1 |
_aRU _bELAR _2rusmarc |
|
| 852 |
_aNLR _jС30 Г-4/245 |
||
| 942 | _cBOOK | ||
| 980 | _aNB | ||